අභිමානවත් හේවාහැට රාවණා ධජය /

Abhimanavath hevahata ravana dhajaya
Saved in:
Bibliographic Details
Format: Book
Published: තලාතුඔය : කර්තෘ, 2025.
Tags: Add Tag
No Tags, Be the first to tag this record!

MARC

LEADER 00000nam a2200000 4500
003 LK-CoNLD
005 20250926140345.0
008 250926b |||||||| |||| 00| 0 ||| d
015 |2 slnb 
017 |b LK-CoDNA 
020 |a 9786249567115 
040 |a LK-CoNLD  |b SIN  |c LK-CoNLD  |d LK-CoNLD 
082 |2 23  |q LK-CoNLD 
245 |6 880-1  |a අභිමානවත් හේවාහැට රාවණා ධජය /  |c බුවනෙක බණ්ඩාර දුග්ගන්නාරාළ. 
260 |a තලාතුඔය :  |b කර්තෘ,  |c 2025. 
300 |a පි. 160 ; 
880 |6 245-1  |a Abhimanavath hevahata ravana dhajaya 
942 |c BOOK 
999 |c 293142  |d 293142 
945 |a 21055  |b M. G. D. NAWODA  |c 21055  |d M. G. D. NAWODA